000 01860nam0a2200385 4500
001 RU\NLR\BIBL_A\011279852
005 20260407042308.0
020 _aRU
_9От Февраля к Октябрю: коллекция листовок/Рос. нац. б-ка
035 _a(NLR Aleph) 011279852
090 _a10867622
_c10867622
100 _a20161129j19171107|||y0rusy50 ca
101 0 _arus
102 _aRU
105 _ay z 000yy
135 _acrcn 024apada
200 1 _aУнiверсал Украiнськоi Центральноi Ради
_e[листовка]
210 _aКиев [Киевская губ.
_cб.и.]
_d1917, 7 ноября
215 _a[1] л. в 2 стб.
_d46х32
300 _aКоллекция листовок "От Февраля к Октябрю" (1 экз.)
325 1 _aКопия доступна в Электронной библиотеке РНБ
327 1 _aОб отмене смертной казни. О выборах в Украинскую центральную раду
540 1 _aОб отмене смертной казни. О выборах в Украинскую центральную раду
540 1 _aОт Февраля к Октябрю
_eлистовки
607 _aРоссия
_jЛистовки
_xИстория
_z1917
_92250871
_3RU\NLR\AUTH\661350120
686 0 _aТ3(2)524.2,011
686 0 _aТ3(2Ук)711.1,011
710 0 1 _8ukr
_aУкраïнська Народна Республiка
_bЦентральна Рада
_9526963
_3RU\NLR\AUTH\8810014526
852 0 0 _aNLR
_bФл
_jXV/46
942 _cBOOK
980 _aNB
981 4 2 _a(42) 1917: от Февраля к Октябрю
_b(42) Листовки 1917 года